000
00246nam a2200097Ia 4500
001
1207191
005
20251016145943.0
008
250824s9999 xx 000 0 und d
245
0
_a
BEŞİNCİ KAT
_c
GÜLAYŞE KOÇAK
260
_b
EVEREST YAYINLARI
999
_c
1207191
_d
1207191